000
00219 a2200097 4500
001
58101
100
_a
245
_a
Studying english literature
260
_a
Malta
_b
Philip allan
_c
2005
090
_c
35610
_d
35610
942
_a
NUST-CAE
_c
MONOGRAPH
_c
28459
999
_c
293174
_d
293174